000 00511nam a22001697a 4500
999 _c8319
_d8319
008 201113b ||||| |||| 00| 0 eng d
040 _aBMS College of Architecture
100 _aArthi, M Dhanshree
245 _aDress the world in a box
300 _aNA
500 _a1BM15AT021
502 _8B,Arch
_NBMS College of Architecture, Visvesvaraya Technological University
_aProject report
_d2019
650 _aWorld
700 _aSanal Suresh Karayil
_eGuide
700 _aMamta Verma
_eGuide
942 _2ddc
_cTHE